000 00413nam a22001697a 4500
003 MPLRDC
005 20220104143206.0
008 210129b ||||| |||| 00| 0 eng d
082 _a221.1 GGR
100 _a高观如
245 _a大乘佛教概述
_c
260 _a
_b常春树书坊
_c1984
300 _b
490 _a学佛必读. 14
650 _a佛教经典--大乘经典
942 _cBK
_o221.1 GGR
999 _c37502
_d37492